Normal view
MARC view
- Water
Entry Topical Term
001 - CONTROL NUMBER
- control field: 30612
003 - CONTROL NUMBER IDENTIFIER
- control field: NUST
005 - DATE AND TIME OF LATEST TRANSACTION
- control field: 20200923101009.0
008 - FIXED-LENGTH DATA ELEMENTS
- fixed length control field: 200923|| aca||aabn | a|a d
040 ## - CATALOGING SOURCE
- Original cataloging agency: NUST
- Transcribing agency: NUST
150 ## - HEADING--TOPICAL TERM
- Topical term or geographic name entry element: Water
670 ## - SOURCE DATA FOUND
- Source citation: Work cat.: (NUST)0: Water contamination emergencies :, c2006.
